OSL-401 Community Service Learning (Record no. 553954)

000 -LEADER
fixed length control field 00333nam a22001217a 4500
082 ## - DEWEY DECIMAL CLASSIFICATION NUMBER
Classification number CP-66
Author Mark CSL-401
100 ## - MAIN ENTRY--PERSONAL NAME
Personal name Ahsan Gul
9 (RLIN) 51199
245 ## - TITLE STATEMENT
Title OSL-401 Community Service Learning
Remainder of title Ahsan Gul
260 ## - PUBLICATION, DISTRIBUTION, ETC.
Place of publication, distribution, etc. Risalpur
Name of publisher, distributor, etc. MEC
Date of publication, distribution, etc. Spring Semester 2017
500 ## - GENERAL NOTE
General note BE-Civil Engineering OD-84
526 ## - STUDY PROGRAM INFORMATION NOTE
Program name 0
Interest level 0
Reading level 0
Title point value CP_66
942 ## - ADDED ENTRY ELEMENTS (KOHA)
Source of classification or shelving scheme
Koha item type Book
Holdings
Withdrawn status Lost status Source of classification or shelving scheme Damaged status Not for loan Permanent Location Current Location Date acquired Total Checkouts Full call number Date last seen Price effective from Koha item type
          Military College of Engineering (MCE) Military College of Engineering (MCE) 09/05/2017   CP-66 09/05/2017 09/05/2017 Book
© 2023 Central Library, National University of Sciences and Technology. All Rights Reserved.